LEADER 01193nam a2200241 i 4500 001 000000008314 003 CaOOAMICUS 005 20180830125439.0 008 180830s1967 it u000 u ita u 040 $aSeMil$bita 100 1 $aSemeria, Giovanni,$c.$0(OLS)http://semarc/name/4219 245 10$aSaggi... clandestini :$bstorico-filosofici /$cGiovanni Semeria ; a cura di Celestino Argenta B. ; introduzione di Angiolo Gambaro ; note bio-bibliografiche di Virginio Colciago B. 260 $aAlba :$bEdizioni Domenicane,$c1967. 300 $a2 v. ;$c21 cm. 650 4$aFilosofia - Storia.$0(OLS)http://semarc/subject/241 650 4$aFilosofi.$0(OLS)http://semarc/subject/1329 700 1 $aColciago, Virginio.$0(OLS)http://semarc/name/4222 700 1 $aGambaro, Angiolo.$0(OLS)http://semarc/name/4221 700 1 $aArgenta, Celestino.$0(OLS)http://semarc/name/4220 774 0 $tVol. 1.$dAlba : Edizioni Domenicane, 1967.$g1$w()186311 774 0 $tVol. 2.$dAlba : Edizioni Domenicane, 1967.$g2$w()186312 996 $6245$aSaggi... clandestini :$bstorico-filosofici$9(OLS)http://semarc/title/11056 996 $6260$aAlba :$bEdizioni Domenicane$9(OLS)http://semarc/publisher/32265 LEADER 00943nam a2200241 i 4500 001 000000114098 003 CaOOAMICUS 005 20050718000000.0 008 050718s1961 gw u000 u ger u 013 $a86784 040 $aSeMil$bita 100 1 $aSontheimer, Kurt.$0(OLS)http://semarc/name/41984 245 10$aThomas Mann und die Deutschen /$cKurt Sontheimer. 260 $aMünchen :$bNymphenburger Verlagshandlung,$ccopyr. 1961. 300 $a194 p. ;$c22 cm. 500 $aDalla Biblioteca del Card. Giovanni Colombo. 600 14$aMann, Thomas <1875-1955>.$0(OLS)http://semarc/subject/6383 850 $aSeMil 852 $aSeMil$W1$xVenegono$y1$m1V V 57$j69692$B69692$CSeMilBibl$Z2$F100407 $81 941 1 $a3 961 $aLascito: Colombo Card. Giovanni 996 $6245$aThomas Mann und die Deutschen$9(OLS)http://semarc/title/166691 996 $6260$aMünchen :$bNymphenburger Verlagshandlung$9(OLS)http://semarc/publisher/34521